000 00590nam a2200169Ia 4500
008 090711s9999 xx 000 0 und d
082 _b50050
100 _aजोशी शशिकांत
245 _aकुणाSया हाका अनोळखी वाटा
260 _c1985
300 _a190
600 _aजोशी शशिकांत
630 _aकुणाSया हाका अनोळखी वाटा
700 _aजोशी शशिकांत
730 _aकुणाSया हाका अनोळखी वाटा
942 _cBOOK
999 _c301406
_d301406